Представление документа в формате RUSMARC

ПолеНазваниеЗначение
  Тип записи a
  Библиографический уровень a
001 Контрольный номер RU/УОНБ/EK_Kray/385660823
005 Дата корректировки 20240131004955.2
100 Данные общей обработки __
a Данные общей обработки 20120321d2012 ||| 0rusy0189 ca
101 Язык документа 0_
a Язык текста rus
102 Страна публикации __
a Страна публикации RU
105 Кодированные данные (монография) __
a Кодированные данные (монография) y###||||000|y
200 Заглавие и сведения об ответственности 1_
a Заглавие Меры поддержки и особенности обучения одаренных детей с ограниченными возможностями в Ульяновской области
f Первые сведения об ответственности Л. Дягилева
215 Физическое описание __
c Иллюстрации/тип воспроизводства 1 фот.
225 Серия 1_
a Серия Новостной портал
330 Аннотация __
a Аннотация Обучение одаренных детей-инвалидов в детских школах искусств.
461 Уровень набора _0
1 2000
a Новая библиотека
1 011
463 Уровень физической единицы _0
1 001RU/УОНБ/EK_Kray/385660381
1 2000
a № 23
v С. 5-6
1 210
d 2011
610 Ключевые слова 0_
a Ключевые слова дети-инвалиды
610 Ключевые слова 0_
a Ключевые слова одаренные дети
610 Ключевые слова 0_
a Ключевые слова обучение детей-инвалидов
686 Индексы других классификаций __
a Классификационный индекс 74.246.714
2 Код системы rubbk
700 Автор _1
a Фамилия Дягилева
b Имя (инициалы) Л.
4 Код отношения 070
801 Источник записи _0
a Страна RU
b Организация Ульяновская ОНБ
c Дата составления 20120321
g Правила каталогизации RCR
801 Источник записи _1
a Страна RU
b Организация Ульяновская ОНБ
c Дата составления 20120321
g Правила каталогизации RCR
901 Тип документа __
t Тип документа b
w Контрольный № источника RU/УОНБ/EK_Kray/385660381
909 Создатель записи __
a Создатель записи Деричева
938 Служебная информация __
a Имя БД kraeved_work
b Имя библиотеки УОНБ
c Имя АИБС МАРК-SQL
d Номер DOC_ID в БД 85066